Aktuálne problémy znaleckého dokazovania III zborník vedeckých statí - 13. medzinárodný vedecký seminár, Bratislava, 9.9.2019

Saved in:
Bibliographic Details
Corporate Authors: Aktuálne problémy znaleckého dokazovania III. Medzinárodný vedecký seminár, Žilinská univerzita v Žiline, Ekonomická univerzita v Bratislave
Other Authors: Sedláková, Iveta, Čorejová, Andrea, Čorejová, Tatiana, Grisáková, Nora, 1978-
Format: Book
Language:Slovak
Czech
Published: Žilina EDIS-vydavateľstvo Žilinskej univerzity 2019
Edition:1. vydanie
Subjects:
Tags: Add Tag
No Tags, Be the first to tag this record!

MARC

LEADER 00000nlm a2200000 4500
001 0258301
005 20221006134816.1
020 |a 978-80-554-1584-0 
041 0 |a slo 
041 0 |a cze 
044 |a SK 
245 1 0 |a Aktuálne problémy znaleckého dokazovania III  |b zborník vedeckých statí - 13. medzinárodný vedecký seminár, Bratislava, 9.9.2019  |c redakčné a zostavovateľské práce: Iveta Sedláková, Andrea Čorejová ; recenzenti: Tatiana Čorejová, Nora Grisáková 
250 |a 1. vydanie 
264 1 |a Žilina  |b EDIS-vydavateľstvo Žilinskej univerzity  |c 2019 
300 |a CD-ROM 89 s. 
610 2 0 |a znalectvo 
610 2 0 |a znalci 
610 2 0 |a posudky znalecké 
610 2 0 |a účtovníctvo kreatívne 
610 2 0 |a hodnota podniku 
610 2 0 |a dane 
610 2 0 |a predaj 
610 2 0 |a podnik 
610 2 0 |a dane z hodnoty pridanej 
610 2 0 |a súdnictvo 
610 2 0 |a personalistika 
610 2 0 |a majetok 
610 2 0 |a situácia finančná podniku 
610 2 0 |a riadenie podnikové 
610 2 0 |a oceňovanie 
610 2 0 |a štandardy 
610 2 0 |a opcie 
700 1 |a Sedláková, Iveta 
700 1 |a Čorejová, Andrea 
700 1 |a Čorejová, Tatiana 
700 1 |a Grisáková, Nora, 1978- 
110 2 |a Aktuálne problémy znaleckého dokazovania III. Medzinárodný vedecký seminár 
710 2 |a Žilinská univerzita v Žiline 
710 2 |a Ekonomická univerzita v Bratislave